000 00544nam a2200169Ia 4500
005 20250508151238.0
008 008 250505s9999 xx 000 0 eng d
037 _aBooks to be hide in OPAC
040 _aFEDL
_beng
_cFEDL
041 _aeng
_2eng
084 _a371.161, IND/O
_qFEDL
245 0 _aScales of pay of primary and secondary school teachers in states in India 1950-51
245 0 _cMinistry Of Education. Bureau Of Education, India
300 _a96p.
942 _cHB
_h371.161, IND/O
999 _c1328578
_d1328578